<?xml version="1.0" encoding="UTF-8"?>
<marc:record xmlns:marc="http://www.loc.gov/MARC21/slim">
   <marc:leader>00000nam a2200000 a 4500</marc:leader>
   <marc:datafield ind1="1" ind2=" " tag="100">
      <marc:subfield code="a">Ayatsuji, Yukito</marc:subfield>
      <marc:subfield code="4">aut</marc:subfield>
      <marc:subfield code="e">Verfasser/-in</marc:subfield>
   </marc:datafield>
   <marc:datafield ind1="1" ind2=" " tag="100">
      <marc:subfield code="a">Wägerle, Sabrina</marc:subfield>
      <marc:subfield code="4">trl</marc:subfield>
      <marc:subfield code="e">Übersetzer/-in</marc:subfield>
   </marc:datafield>
   <marc:datafield ind1="0" ind2="0" tag="245">
      <marc:subfield code="a">Die Morde im Dekagon-Haus</marc:subfield>
   </marc:datafield>
   <marc:datafield ind1="0" ind2="0" tag="245">
      <marc:subfield code="c">Yukito Ayatsuji ; Deutsch von Sabrina Wägerle</marc:subfield>
   </marc:datafield>
   <marc:datafield ind1=" " ind2="1" tag="264">
      <marc:subfield code="a">München</marc:subfield>
      <marc:subfield code="b">Limes</marc:subfield>
      <marc:subfield code="c">2025</marc:subfield>
   </marc:datafield>
   <marc:datafield ind1=" " ind2=" " tag="250">
      <marc:subfield code="a">1. Auflg.</marc:subfield>
   </marc:datafield>
   <marc:datafield ind1="1" ind2=" " tag="520">
      <marc:subfield code="a">Ein zehnseitiges Haus, sieben Studenten und ein Mörder! Japans Antwort auf Agatha Christie. ## ##Eine abgelegene Insel in Japan, auf der vor sechs Monaten ein mysteriöser Massenmord stattfand. Bizarre Gebäude, die das Werk eines seltsamen Architekten sind, der bei dem brutalen Massaker ums Leben kam. Es wird gemunkelt, dass sein Geist dort immer noch im Dunkeln umherwandert ... Gibt es einen besseren Ort für die Mitglieder des studentischen Detektivclubs, die solche Geschichten lieben? Doch das Rätsel, dem sie sich im Dekagon-Haus stellen, ist alles andere als gewöhnlich. Denn die Studenten haben dem verstorbenen Architekten etwas Kostbares entrissen. Nun sinnt jemand auf blutige Rache ... ## ## Der Auftakt zur japanischen Kult-Bestsellerreihe, die weltweit millionenfach verkauft und in zahlreiche Sprachen übersetzt wurde.</marc:subfield>
   </marc:datafield>
   <marc:datafield ind1=" " ind2=" " tag="020">
      <marc:subfield code="a">9783809027980</marc:subfield>
      <marc:subfield code="9">9783809027980</marc:subfield>
   </marc:datafield>
   <marc:datafield ind1=" " ind2=" " tag="041">
      <marc:subfield code="a">ger</marc:subfield>
   </marc:datafield>
   <marc:datafield ind1=" " ind2=" " tag="300">
      <marc:subfield code="a">413 S.</marc:subfield>
   </marc:datafield>
</marc:record>
